00993nas a2200241Ia 4500001001100000003000900011008004100020040001300061040001300074041001300087100003800100210001300138222001300151245010300164250001100267260003100278501008600309300001100395310001200406362003300418500026400451650003600715R420/F2286IT-RoPAU151124c99999999xx |||||||||||| ||und|| aIT-RoPAU cIT-RoPAU aITALIANO aAA.VV. gCodice Aut. SPICS: 12000 aROCKSTAR aRockstar aROCKSTAR NUOVA SERIE, ANNO 06-N.07 (LUGLIO 1998)bRockstar Nuova Serie, Anno 06-N.07 (Luglio 1998) a1a ed. aROMAbS.E.P.ADVERSALc1998 bPaulus - SPICS - Società San Paolo EM (non-commercial uses only)cCopyright2015 a130 p. aMENSILE aANNO 006, N.07 (LUGLIO 1998) aAttualità: Lenny Kravitz, Biagio Antonacci, Lisa Gerrard, Cristina Donà,Uzeda, Toto, Simply Red, 99 Posse. Intervista Agli Smashing Pumpkins di M.Anders. Speciale: un Giorno in Irlanda: Viaggio Attraverso 40 Dischi, le Band, il Cinema, i Libri, Lo Sport,  aMUSICAvPUBBLICAZIONE PERIODICA